000 00502nam a2200193Ia 4500
003 GCL
008 140319s9999 xx 000 0 eng d
040 _aGCL /
_cGCL
082 0 4 _a546
_bM S
100 1 _aMADAN, R.D.
245 1 0 _aSELECTED TOPICS IN INORGANIC CHEMISTRY /
_cMADAN, R.D.
700 1 _aTULI, G.D
700 1 _aMALIK, WAHID U.
260 _a[S.N] :
_bS. CHAND & COMPANY LTD ،
_c1993
300 _a660 PP
650 0 4 _aCHEMISTRY
650 0 4 _aINORGANIC CHEMISTRY
942 _2ddc
_cBK
999 _c20590
_d20590